000 00640nam a2200229Ia 4500
003 OSt
005 20220918200831.0
006 a|||||r|||| 00| 0
007 ta
008 220917b |||||||| |||| 00| 0 eng d
024 _a90,502
037 _cTextual
040 _aARTS
_cARTS
_beng
041 _2eng
_aeng
082 _aU8:6:N0, D3 (906)
100 _aBurrows Guy
_995744
245 0 _aCurse of Central Africa with which is incorporated a Campaign amongst Cannibals by Edgar Canisius
260 _c1903
650 _aGEOGRAPHY
942 _hU8:6:N0, D3 (906)
_cTEXL
_2CC
999 _c214163
_d214163